BIS Quarterly Review (Record no. 5605)

MARC details
000 -LEADER
fixed length control field 00645nas a22002297i 4500
001 - CONTROL NUMBER
control field 5889
003 - CONTROL NUMBER IDENTIFIER
control field OSt
005 - DATE AND TIME OF LATEST TRANSACTION
control field 20180926161308.0
007 - PHYSICAL DESCRIPTION FIXED FIELD--GENERAL INFORMATION
fixed length control field tu
008 - FIXED-LENGTH DATA ELEMENTS--GENERAL INFORMATION
fixed length control field 161220s2000 xxu||||| |||| 00| 0 d
022 ## - INTERNATIONAL STANDARD SERIAL NUMBER
International Standard Serial Number 1683-0121
022 ## - INTERNATIONAL STANDARD SERIAL NUMBER
International Standard Serial Number 1012-9979
024 7# - OTHER STANDARD IDENTIFIER
Standard number or code 5889
Source of number or code RID
024 7# - OTHER STANDARD IDENTIFIER
Standard number or code 5889
Source of number or code RSN (alt)
040 ## - CATALOGING SOURCE
Transcribing agency OSt
110 2# - MAIN ENTRY--CORPORATE NAME
Corporate name or jurisdiction name as entry element Bank for International Settlements
245 00 - TITLE STATEMENT
Title BIS Quarterly Review
Remainder of title International Banking and Financial Market Developments
260 ## - PUBLICATION, DISTRIBUTION, ETC.
Place of publication, distribution, etc. Basel :
Name of publisher, distributor, etc. Bank for International Settlements,
Date of publication, distribution, etc. 2000-2016.
500 00 - GENERAL NOTE
General note www.bis.org
856 ## - ELECTRONIC LOCATION AND ACCESS
Uniform Resource Identifier <a href="https://www.bis.org/publ/qtrpdf/r_qt1503.htm?m=5|25">https://www.bis.org/publ/qtrpdf/r_qt1503.htm?m=5|25</a>
942 ## - ADDED ENTRY ELEMENTS (KOHA)
Koha item type Journal
Holdings
Withdrawn status Lost status Damaged status Not for loan Home library Current library Shelving location Date acquired Inventory number Total Checkouts Barcode Date last seen Price effective from Koha item type
        WIIW WIIW Library 04/15/2016 5889   10006133 01/26/2017 01/26/2017 Journal
The Vienna Instiute for International Economic Studies (wiiw)